000 00378nam a2200157Ia 4500
003 OSt
005 20240120155623.0
008 170523s9999 xx 000 0 und d
020 _a978-9351611325
040 _ciimt university meerut
100 _aGUPTA- CB
245 0 _aENTREPRENEURSHIP DEVELOPMENT IN INDIA
260 _bDELHI SULTAN CHAND
260 _c2000
942 _2ddc
_c02
999 _c45
_d45